000 02380cam a22005414i 4500
003 PE-LiUPU
005 20250731173430.0
008 150706s2012 tnu rb 000 0 spa d
020 _a1433677024
020 _a9781433677021
035 _a(Sirsi) i9781433677021
040 _aPE-LiUPU
_bspa
_cPE-LiUPU
_erda
041 1 _aspa
_heng
049 _aPRUA
082 0 4 _a248.5
_bM12
_221
100 1 _aMcRaney, Will,
_eautor.
245 1 3 _aEl arte del evangelismo personal :
_btestificar de Jesús en una cultura cambiante /
_cWill McRaney.
264 1 _aTennessee :
_bB&H Publishing Group,
_c2012.
300 _axii, 268 páginas ;
_c23 centímetros
336 _atext
_2rdacontent
337 _aunmediated
_2rdamedia
338 _avolume
_2rdacarrier
504 _aBibliografía: páginas 247-267.
505 0 _a¿Cuál es la participación de Dios? -- ¿Cuál es tu rol? -- ¿Cuáles son los elementos esenciales? : aclaremos el mensaje del evangelio -- La comunicación en el evangelismo : para que el evangelio tenga sentido -- La comunicación dentro de tu contexto -- Comunicar a Cristo fuera de tu contexto -- Consejos para la conversación en el evangelismo personal -- Quitemos las barreras -- ¿Qué sigue? Lo mejor de lo que viene -- Elaboración de un testimonio -- Ilustraciones del evangelio para testificar -- Objeciones frecuentes -- Tareas para los próximos pasos de crecimiento.
526 _aSEG42
526 _aSEG41
526 _aSEG40
526 _aSEG39
526 _aP94
526 _aP87
526 _aP86
526 _aP85
526 _aP77
526 _aP76
526 _aP35
534 _pTítulo original :
_tThe art of personal evangelism.
541 _g001-0000627;
650 1 4 _aTestimonio Cristiano.
650 2 4 _aPredicación.
650 2 4 _aEvangelismo.
_9953
910 _cjck
_d20130506
910 _adbm
_bjpc
_cjpc
_d20190516
942 _2ddc
_cBOOK
949 _a248.5 M
_wDEWEY
_c1
_i67075
_lCCODEBUL1
_mBUL
_p23.00
_r0
_sY
_tBOOK
_u2015-7-6
_xTEOLOGIA
_PP35
_o.STAFF. Colección Teología
994 _aC0
_bPEPRU
596 _a1
999 _a248.5 M12
_wDEWEY
_c54784
_i67075
_d54784
_e2018-4-6
_f2021-11-10
_g6
_lCCODEBUL1
_mBUL
_n3
_p23.00
_q2
_r0
_sY
_tBOOK
_u2015-7-6
_xTEOLOGIA
_PP35
_0COMPRA
_o.STAFF. Colección Teología
980 _81
_gALBERTO SANCHEZ Responsable de Automatización